[Event "CZE-ch Seniors 65"]
[Site "Olomouc"]
[Date "2023.08.17"]
[Round "7"]
[White "Fiala, Jiri"]
[Black "Lang, Gusztav"]
[Result "1/2-1/2"]
[WhiteElo "1836"]
[BlackElo "1743"]
[PlyCount "39"]
[EventDate "2023.08.12"]
[EventType "swiss"]
[EventRounds "9"]
[EventCountry "CZE"]
[SourceTitle "EXT 2024"]
[Source "ChessBase"]
[SourceDate "2023.10.10"]
[SourceVersion "1"]
[SourceVersionDate "2023.10.10"]
[SourceQuality "1"]

1. d4 d5 2. Nf3 Nf6 3. Bf4 Bf5 4. e3 e6 5. Be2 h6 6. Nbd2 Nh5 7. Be5 Nd7 8. Bd3 Bxd3 9. cxd3 Nhf6 10. Bg3 Be7 11. Ne5 0-0 12. 0-0 c5 13. Nxd7 Qxd7 14. dxc5 Bxc5 15. d4 Bd6 16. Bxd6 Qxd6 17. Qb3 b6 18. h3 Rfc8 19. Rac1 Rc7 20. Rxc7 1/2-1/2

[Event "HUN-chT2 Szechenyi 1718"]
[Site "Hungary"]
[Date "2018.03.04"]
[Round "7.5"]
[White "Lang, Gusztav"]
[Black "Tamas, Gyorgy"]
[Result "1/2-1/2"]
[WhiteElo "1950"]
[BlackElo "1924"]
[PlyCount "24"]
[EventDate "2017.10.29"]
[EventType "team-tourn"]
[EventRounds "9"]
[EventCountry "HUN"]
[SourceTitle "EXT 2021"]
[Source "ChessBase"]
[SourceDate "2020.10.23"]
[SourceVersion "1"]
[SourceVersionDate "2020.10.23"]
[SourceQuality "1"]
[WhiteTeam "Sarvar"]
[BlackTeam "Keszthely Spartacus"]
[WhiteTeamCountry "HUN"]
[BlackTeamCountry "HUN"]

1. e4 c5 2. Nf3 d6 3. d4 cxd4 4. Nxd4 Nf6 5. Nc3 a6 6. Be3 e5 7. Nb3 Be6 8. f3 Nc6 9. Nd5 Bxd5 10. exd5 Na5 11. Qd2 Nxb3 12. axb3 Be7 1/2-1/2

[Event "HUN-chT2 Szechenyi 1617"]
[Site "Hungary"]
[Date "2016.11.27"]
[Round "5.5"]
[White "Lang, Gusztav"]
[Black "Babocs, Gyula"]
[Result "1/2-1/2"]
[WhiteElo "1936"]
[BlackElo "1966"]
[PlyCount "44"]
[EventDate "2016.09.25"]
[EventType "team-tourn"]
[EventRounds "11"]
[EventCountry "HUN"]
[SourceTitle "EXT 2021"]
[Source "ChessBase"]
[SourceDate "2020.10.23"]
[SourceVersion "1"]
[SourceVersionDate "2020.10.23"]
[SourceQuality "1"]
[WhiteTeam "Sarvar"]
[BlackTeam "Ajka ASSE"]
[WhiteTeamCountry "HUN"]
[BlackTeamCountry "HUN"]

1. e4 Nc6 2. Nf3 e6 3. d4 d6 4. c3 Bd7 5. Bd3 e5 6. 0-0 Nf6 7. Re1 Be7 8. d5 Nb8 9. Qb3 b6 10. c4 0-0 11. Nc3 Bg4 12. Be2 Nbd7 13. h3 Bh5 14. Qc2 h6 15. Nh2 Bxe2 16. Nxe2 Nh7 17. Ng3 Bg5 18. Nf5 Re8 19. Qe2 Ndf8 20. g3 Ng6 21. h4 Bxc1 22. Raxc1 Ne7 1/2-1/2

[Event "HUN-chT2 Szechenyi 1617"]
[Site "Hungary"]
[Date "2016.10.30"]
[Round "3.5"]
[White "Lang, Gusztav"]
[Black "Nemeth, Jozsef1111"]
[Result "1-0"]
[WhiteElo "1936"]
[BlackElo "2061"]
[PlyCount "69"]
[EventDate "2016.09.25"]
[EventType "team-tourn"]
[EventRounds "11"]
[EventCountry "HUN"]
[SourceTitle "EXT 2021"]
[Source "ChessBase"]
[SourceDate "2020.10.23"]
[SourceVersion "1"]
[SourceVersionDate "2020.10.23"]
[SourceQuality "1"]
[WhiteTeam "Sarvar"]
[BlackTeam "Csuti Baki Agrocentrum"]
[WhiteTeamCountry "HUN"]
[BlackTeamCountry "HUN"]

1. e4 c5 2. Nf3 Nc6 3. d4 cxd4 4. Nxd4 g6 5. c4 Bg7 6. Be3 Nf6 7. Nc3 d6 8. Be2 0-0 9. 0-0 Bd7 10. h3 a5 11. Qd2 Nxd4 12. Bxd4 Bc6 13. f3 Nd7 14. Bxg7 Kxg7 15. Rfd1 f5 16. exf5 Rxf5 17. Bd3 Rf8 18. Be4 Qb6+ 19. Kh1 Nf6 20. Bxc6 bxc6 21. b3 Rad8 22. Na4 Qc7 23. Qc3 Kg8 24. Rac1 Nh5 25. Re1 Ng3+ 26. Kg1 Rf7 27. Qe3 Rdf8 28. Qb6 Qd7 29. Qxa5 Rf5 30. Qd2 Rxf3 31. gxf3 Rxf3 32. Qg2 Qf5 33. Rc3 Ne2+ 34. Rxe2 Qb1+ 35. Kh2 1-0

[Event "HUN-chT2 Szechenyi 1516"]
[Site "Hungary"]
[Date "2016.03.20"]
[Round "9.6"]
[White "Gabor, Attila"]
[Black "Lang, Gusztav"]
[Result "1/2-1/2"]
[WhiteElo "1833"]
[BlackElo "1935"]
[PlyCount "47"]
[EventDate "2015.09.13"]
[EventType "team-tourn"]
[EventRounds "11"]
[EventCountry "HUN"]
[SourceTitle "EXT 2017"]
[Source "ChessBase"]
[SourceDate "2016.10.25"]
[SourceVersion "1"]
[SourceVersionDate "2016.10.25"]
[SourceQuality "1"]
[WhiteTeam "Arboretum"]
[BlackTeam "Sarvar"]
[WhiteTeamCountry "HUN"]
[BlackTeamCountry "HUN"]

1. e4 c5 2. Nf3 d6 3. c4 Nc6 4. Nc3 g6 5. d4 cxd4 6. Nxd4 Bg7 7. Be3 Nf6 8. Be2 0-0 9. 0-0 Bd7 10. Qd2 a6 11. Rad1 Ng4 12. h3 Nxe3 13. fxe3 Ne5 14. b3 Rc8 15. Nf3 Bc6 16. Nxe5 Bxe5 17. Bf3 b5 18. Nd5 bxc4 19. bxc4 Ba4 20. Rc1 e6 21. Nf4 Qb6 22. Nd3 Bg7 23. Kh1 Rfd8 24. Rfe1 1/2-1/2

[Event "HUN-chT2 Szechenyi 1415"]
[Site "Hungary"]
[Date "2015.03.01"]
[Round "9.4"]
[White "Varga, Gyula"]
[Black "Lang, Gusztav"]
[Result "1/2-1/2"]
[WhiteElo "1921"]
[BlackElo "1973"]
[PlyCount "39"]
[EventDate "2014.09.07"]
[EventType "team-tourn"]
[EventRounds "11"]
[EventCountry "HUN"]
[SourceTitle "EXT 2016"]
[Source "ChessBase"]
[SourceDate "2015.10.08"]
[SourceVersion "1"]
[SourceVersionDate "2015.10.08"]
[SourceQuality "1"]
[WhiteTeam "Papa"]
[BlackTeam "Sarvar"]
[WhiteTeamCountry "HUN"]
[BlackTeamCountry "HUN"]

1. d4 Nf6 2. Nf3 e6 3. c4 b6 4. g3 Ba6 5. b3 Bb4+ 6. Bd2 Be7 7. Nc3 d5 8. cxd5 exd5 9. Bg2 0-0 10. 0-0 Ne4 11. Re1 Bb7 12. Qc2 Nxd2 13. Qxd2 Nd7 14. Red1 Nf6 15. Qc2 Re8 16. Nd2 Bb4 17. e3 Qe7 18. Rac1 Rac8 19. Nb5 Ba3 20. Nxa3 1/2-1/2

[Event "HUN-chT2 Szechenyi 1415"]
[Site "Hungary"]
[Date "2015.01.25"]
[Round "7.5"]
[White "Lang, Gusztav"]
[Black "Tako, Annamaria"]
[Result "1/2-1/2"]
[WhiteElo "1973"]
[BlackElo "1936"]
[PlyCount "20"]
[EventDate "2014.09.07"]
[EventType "team-tourn"]
[EventRounds "11"]
[EventCountry "HUN"]
[SourceTitle "EXT 2016"]
[Source "ChessBase"]
[SourceDate "2015.10.08"]
[SourceVersion "1"]
[SourceVersionDate "2015.10.08"]
[SourceQuality "1"]
[WhiteTeam "Sarvar"]
[BlackTeam "Arboretum"]
[WhiteTeamCountry "HUN"]
[BlackTeamCountry "HUN"]

1. Nf3 d5 2. g3 Nf6 3. Bg2 Nc6 4. d4 Bf5 5. 0-0 e6 6. c3 Bd6 7. Nbd2 h6 8. Re1 0-0 9. h3 Ne4 10. Nxe4 Bxe4 1/2-1/2

[Event "Balaton op 32nd"]
[Site "Balatonboglar"]
[Date "2014.06.22"]
[Round "9"]
[White "Kozma, Edit"]
[Black "Lang, Gusztav"]
[Result "1-0"]
[WhiteElo "1962"]
[BlackElo "1986"]
[PlyCount "42"]
[EventDate "2014.06.14"]
[EventType "swiss"]
[EventRounds "9"]
[EventCountry "HUN"]
[SourceTitle "EXT 2015"]
[Source "ChessBase"]
[SourceDate "2014.11.20"]
[SourceVersion "1"]
[SourceVersionDate "2014.11.20"]
[SourceQuality "1"]

1. e4 d6 2. d4 Nf6 3. Nc3 g6 4. f4 Bg7 5. Nf3 0-0 6. Bd3 c6 7. 0-0 Nbd7 8. e5 dxe5 9. fxe5 Nd5 10. Nxd5 cxd5 11. c3 e6 12. Kh1 h6 13. Bf4 b6 14. Qd2 Kh7 15. h4 a5 16. h5 Ba6 17. hxg6+ fxg6 18. g3 Bxd3 19. Qxd3 Nb8 20. Kg2 Nc6 21. Rh1 Ne7 1-0

[Event "Balaton op 32nd"]
[Site "Balatonboglar"]
[Date "2014.06.14"]
[Round "1"]
[White "Lang, Gusztav"]
[Black "Rahimkulov, Margarita"]
[Result "1-0"]
[WhiteElo "1986"]
[BlackElo "1389"]
[PlyCount "51"]
[EventDate "2014.06.14"]
[EventType "swiss"]
[EventRounds "9"]
[EventCountry "HUN"]
[SourceTitle "EXT 2015"]
[Source "ChessBase"]
[SourceDate "2014.11.20"]
[SourceVersion "1"]
[SourceVersionDate "2014.11.20"]
[SourceQuality "1"]

1. Nf3 e6 2. g3 f5 3. d3 Nf6 4. Bg2 d5 5. 0-0 c6 6. Nc3 Bd6 7. e4 fxe4 8. dxe4 dxe4 9. Ng5 0-0 10. Ngxe4 Nxe4 11. Nxe4 Bc7 12. Qe2 Qe7 13. Bg5 Qf7 14. Rad1 h6 15. Be3 e5 16. Bc5 Rd8 17. Rxd8+ Bxd8 18. Nd6 Qe6 19. Nxc8 Qxc8 20. Qxe5 Qd7 21. Re1 Na6 22. Qe8+ Qxe8 23. Rxe8+ Kh7 24. Be4+ g6 25. Bd4 Nc7 26. Rh8# 1-0

[Event "HUN-chT2 Szechenyi 1314"]
[Site "Hungary"]
[Date "2014.04.13"]
[Round "10.4"]
[White "Paksa, Rudolf"]
[Black "Lang, Gusztav"]
[Result "1-0"]
[WhiteElo "2151"]
[BlackElo "1985"]
[PlyCount "95"]
[EventDate "2013.09.08"]
[EventType "team-tourn"]
[EventRounds "11"]
[EventCountry "HUN"]
[SourceTitle "EXT 2016"]
[Source "ChessBase"]
[SourceDate "2015.10.08"]
[SourceVersion "1"]
[SourceVersionDate "2015.10.08"]
[SourceQuality "1"]
[WhiteTeam "Ajka Banyasz"]
[BlackTeam "Sarvar"]
[WhiteTeamCountry "HUN"]
[BlackTeamCountry "HUN"]

1. e4 e5 2. Nf3 Nc6 3. Bb5 a6 4. Ba4 Nf6 5. 0-0 Be7 6. Qe2 b5 7. Bb3 0-0 8. c3 d6 9. a4 Rb8 10. axb5 axb5 11. h3 Bd7 12. d4 Ra8 13. Rxa8 Qxa8 14. Rd1 h6 15. Na3 b4 16. cxb4 exd4 17. Bd5 Nxd5 18. exd5 Ne5 19. Nxd4 Ba4 20. b3 Bd7 21. Nc4 Qxd5 22. f4 Ng6 23. f5 Ne5 24. Ne6 Qb5 25. Nxf8 Bxf8 26. Qf1 f6 27. g4 Qxb4 28. Nxe5 Qc5+ 29. Qf2 Qxe5 30. Qe3 Qb5 31. Qd3 Qc5+ 32. Be3 Qe5 33. Qd5+ Qxd5 34. Rxd5 c6 35. Ra5 Kf7 36. Ra7 Ke8 37. Kf2 d5 38. Ra8+ Kf7 39. Ra7 Ke8 40. Ra5 Bd6 41. Bc5 Bxc5+ 42. Rxc5 Ke7 43. Ra5 Kd6 44. b4 h5 45. Ke3 hxg4 46. hxg4 Be8 47. Ra8 Bf7 48. Ra7 1-0

[Event "HUN-chT2 Szechenyi 1112"]
[Site "Hungary"]
[Date "2012.04.22"]
[Round "9.1"]
[White "Lang, Gusztav"]
[Black "Takacs, Balazs"]
[Result "0-1"]
[WhiteElo "2014"]
[BlackElo "2334"]
[PlyCount "76"]
[EventDate "2011.09.25"]
[EventType "team-tourn"]
[EventRounds "11"]
[EventCountry "HUN"]
[SourceTitle "EXT 2013"]
[Source "ChessBase"]
[SourceDate "2012.11.22"]
[SourceVersion "1"]
[SourceVersionDate "2012.11.22"]
[SourceQuality "1"]
[WhiteTeam "Sarvar"]
[BlackTeam "Alsoszolnok"]
[WhiteTeamCountry "HUN"]
[BlackTeamCountry "HUN"]

1. e4 c5 2. Nf3 d6 3. d4 cxd4 4. Nxd4 Nf6 5. Nc3 a6 6. Be3 e5 7. Nb3 Be6 8. Be2 Be7 9. 0-0 Nbd7 10. f3 b5 11. Nd5 Bxd5 12. exd5 Nb6 13. Bxb6 Qxb6+ 14. Kh1 0-0 15. Qd2 a5 16. a4 b4 17. Bb5 Nh5 18. g3 f5 19. Qe2 g6 20. Bc6 Ra7 21. Qb5 Qc7 22. Rae1 Kh8 23. Qe2 Bg5 24. Nd2 Bxd2 25. Qxd2 f4 26. g4 Nf6 27. Re2 g5 28. h4 h6 29. hxg5 hxg5 30. Rh2+ Kg7 31. Kg2 Qb6 32. Rfh1 e4 33. Qf2 Qxf2+ 34. Kxf2 exf3 35. Kxf3 Re7 36. Rg2 Re3+ 37. Kf2 Ne4+ 38. Kf1 Ng3+ 0-1

[Event "HUN-chT2 Szechenyi 1112"]
[Site "Hungary"]
[Date "2012.03.25"]
[Round "8.2"]
[White "Lang, Gusztav"]
[Black "Nagy, Zoltan"]
[Result "0-1"]
[WhiteElo "2014"]
[BlackElo "2241"]
[PlyCount "142"]
[EventDate "2011.09.25"]
[EventType "team-tourn"]
[EventRounds "11"]
[EventCountry "HUN"]
[SourceTitle "EXT 2013"]
[Source "ChessBase"]
[SourceDate "2012.11.22"]
[SourceVersion "1"]
[SourceVersionDate "2012.11.22"]
[SourceQuality "1"]
[WhiteTeam "Sarvar"]
[BlackTeam "Tapolca"]
[WhiteTeamCountry "HUN"]
[BlackTeamCountry "HUN"]

1. e4 c5 2. Nc3 d6 3. g3 Nc6 4. Bg2 g6 5. Nge2 Bg7 6. 0-0 e6 7. d3 Nge7 8. f4 0-0 9. Be3 Nd4 10. Kh1 a6 11. Rb1 Nec6 12. a3 Qc7 13. Na2 Nxe2 14. Qxe2 b6 15. c3 Bb7 16. b4 Rab8 17. e5 dxe5 18. bxc5 b5 19. fxe5 Bxe5 20. d4 Bg7 21. Nb4 Rfe8 22. Nd3 Rbd8 23. Bg5 Rc8 24. Bf6 Ne7 25. Ne5 Rf8 26. Bxe7 Qxe7 27. c6 Ba8 28. Nd7 Rfe8 29. Nb6 Rb8 30. Nxa8 Rxa8 31. a4 Qa3 32. axb5 axb5 33. c7 Rac8 34. Qxb5 Re7 35. Rb3 Qd6 36. Ra1 Rexc7 37. Ra8 h5 38. Rxc8+ Rxc8 39. Qb7 Rc7 40. Qb8+ Bf8 41. Qa8 Kg7 42. Qf3 Be7 43. Qd3 Bf6 44. Bf3 h4 45. Kg2 Ra7 46. Rb2 Qa3 47. Rc2 Rc7 48. Qe4 Rxc3 49. Rxc3 Qxc3 50. d5 e5 51. gxh4 Be7 52. Qa4 Bc5 53. Qd1 Qe3 54. Qe2 Qg1+ 55. Kh3 Bd6 56. Qa2 Qe3 57. Qe2 Qa3 58. Kg2 f5 59. Kf1 e4 60. Bg2 Bxh2 61. h5 Qc1+ 62. Qe1 Qc4+ 63. Qe2 Qd4 64. Qf2 Qd1+ 65. Qe1 Qxd5 66. hxg6 Kxg6 67. Qe2 Bg3 68. Bh3 Kg5 69. Kg2 Bh4 70. Qb2 e3+ 71. Kh2 Qd2+ 0-1

[Event "HUN-chT2 Szechenyi 1112"]
[Site "Hungary"]
[Date "2012.03.12"]
[Round "7.2"]
[White "Marton, Gabriella"]
[Black "Lang, Gusztav"]
[Result "0-1"]
[WhiteElo "2068"]
[BlackElo "2014"]
[PlyCount "70"]
[EventDate "2011.09.25"]
[EventType "team-tourn"]
[EventRounds "11"]
[EventCountry "HUN"]
[SourceTitle "EXT 2013"]
[Source "ChessBase"]
[SourceDate "2012.11.22"]
[SourceVersion "1"]
[SourceVersionDate "2012.11.22"]
[SourceQuality "1"]
[WhiteTeam "Arboretum"]
[BlackTeam "Sarvar"]
[WhiteTeamCountry "HUN"]
[BlackTeamCountry "HUN"]

1. d4 Nf6 2. Nf3 e6 3. g3 d5 4. Bg2 Be7 5. 0-0 Nbd7 6. b3 0-0 7. Bb2 b6 8. Nbd2 Bb7 9. Ne5 c5 10. e3 Qc7 11. Ndf3 Ne4 12. Nxd7 Qxd7 13. Ne5 Qc7 14. Rc1 f6 15. Nf3 c4 16. c3 a5 17. Nd2 Nxd2 18. Qxd2 b5 19. Qe2 Rfc8 20. bxc4 Qxc4 21. Qxc4 Rxc4 22. Rfe1 Rc7 23. e4 dxe4 24. Bxe4 Bxe4 25. Rxe4 Ra6 26. Rce1 Kf7 27. g4 g5 28. f4 gxf4 29. Rxf4 Rc4 30. Rf2 b4 31. Re3 e5 32. dxe5 Bc5 33. Rff3 bxc3 34. Bc1 Bxe3+ 35. Rxe3 Re6 0-1

[Event "HUN-chT2 Charousek 0910"]
[Site "Hungary"]
[Date "2009.11.22"]
[Round "2"]
[White "Lang, Gusztav"]
[Black "Dobos, Jozsef"]
[Result "0-1"]
[WhiteElo "2005"]
[BlackElo "2288"]
[PlyCount "64"]
[EventDate "2009.11.08"]
[EventType "team-tourn"]
[EventRounds "11"]
[EventCountry "HUN"]
[SourceTitle "EXT 2011"]
[Source "ChessBase"]
[SourceDate "2010.11.26"]
[SourceVersion "1"]
[SourceVersionDate "2010.11.26"]
[SourceQuality "1"]
[WhiteTeam "Sarvar"]
[BlackTeam "Csuti II"]
[WhiteTeamCountry "HUN"]
[BlackTeamCountry "HUN"]

1. e4 c5 2. Nf3 g6 3. d4 Bg7 4. c3 cxd4 5. Nxd4 d6 6. Be3 Nf6 7. f3 0-0 8. Qd2 Nc6 9. c4 e6 10. Nc3 d5 11. exd5 exd5 12. Nxc6 bxc6 13. 0-0-0 Be6 14. Bh6 dxc4 15. Bxg7 Qxd2+ 16. Rxd2 Kxg7 17. Be2 Rad8 18. Rhd1 Rxd2 19. Rxd2 Re8 20. Rd4 Nd5 21. Kd2 Nb6 22. Ne4 Bd5 23. Nc5 c3+ 24. bxc3 Bxa2 25. c4 a5 26. Bd3 a4 27. Kc3 a3 28. Kb4 Ra8 29. Rd6 Bxc4 30. Bxc4 Nxc4 31. Rxc6 a2 32. Nb3 Na5 0-1

[Event "HUN-chT2 Charousek 0809"]
[Site "Hungary"]
[Date "2009.04.05"]
[Round "10"]
[White "Lang, Gusztav"]
[Black "Siroky, Jan"]
[Result "0-1"]
[WhiteElo "2015"]
[BlackElo "2218"]
[PlyCount "120"]
[EventDate "2008.10.26"]
[EventType "team-tourn"]
[EventRounds "11"]
[EventCountry "HUN"]
[SourceTitle "EXT 2010"]
[Source "ChessBase"]
[SourceDate "2010.11.25"]
[SourceVersion "1"]
[SourceVersionDate "2010.11.25"]
[SourceQuality "1"]
[WhiteTeam "Sarvar"]
[BlackTeam "Pannonpower"]
[WhiteTeamCountry "HUN"]
[BlackTeamCountry "HUN"]

1. e4 e6 2. d4 d5 3. Nd2 c5 4. exd5 Qxd5 5. Ngf3 cxd4 6. Bc4 Qc5 7. 0-0 Nc6 8. Qe2 Nf6 9. Nb3 Qb6 10. Rd1 Be7 11. Nfxd4 Nxd4 12. Rxd4 0-0 13. Bg5 a6 14. Bd3 Rd8 15. Rxd8+ Qxd8 16. Rd1 Qc7 17. c3 Bd7 18. h3 Rd8 19. Nd4 Bc8 20. Bb1 b5 21. a3 Qc5 22. Be3 Qd5 23. Bc2 Bb7 24. Nf3 Qh5 25. Rxd8+ Bxd8 26. Qd3 Bc7 27. Bd1 Be4 28. Qd4 Qd5 29. Qxd5 Nxd5 30. Bd4 f6 31. Nd2 Bf5 32. Bf3 Nf4 33. c4 bxc4 34. Nxc4 Bd3 35. Ne3 Ne2+ 36. Bxe2 Bxe2 37. b4 Kf7 38. Nf1 e5 39. Bc5 Ke6 40. Nd2 Kd5 41. f3 f5 42. Kf2 Bb5 43. Ke3 Bd8 44. f4 exf4+ 45. Kxf4 g6 46. g4 h6 47. Nf3 Bc7+ 48. Ke3 f4+ 49. Kf2 Bd7 50. Nh4 Be8 51. Bf8 h5 52. Kf3 Ke5 53. gxh5 gxh5 54. Bc5 Bd8 55. Ng2 Bc6+ 56. Kf2 f3 57. Ne3 Bh4+ 58. Kg1 f2+ 59. Kf1 Ke4 60. Kg2 Kf4+ 0-1